000 00753nam a2200253 i 4500
003 DO-SdBNP
005 20230529140405.0
007 ta
008 230529b1946 sp ||||| |||| 00| 0 spa d
040 _aDO-SdBNP
_bspa
_cBNPHU
_erda
082 4 _222
100 1 _aRacine, Jean,
_d1639-1699
_eautor
_983473
245 1 0 _aBritanico. Berenice. Bayaceto /
_cJean Racine ; prólogo Fermín de Iruña
264 _aMadrid :
_bAguilar
_c1946.
300 _a462 páginas ;
_c12 cm.
336 _2rdacontent
_atexto
_btxt
337 _2rdamedia
_asin mediación
_bn
338 _2rdacarrier
_avolumen
_bnc
490 _aCrisol
_v167
590 _aInventariado, 2023/BT
700 _aIruña, Fermín de,
_eprólogo
_983474
910 _aBtavárez
942 _2ddc
_cLBS1
999 _c53642
_d53642